ბათუმის შოთა რუსთაველის სახელმწიფო უნივერსიტეტის ბიბლიოთეკა

Alter Ego. A1. Methode de Francais.1 (ბიბ.ჩანაწერი № 51298)

000 -LEADER
fixed length control field 00701nam a2200265Ia 4500
001 - CONTROL NUMBER
control field 18267
003 - CONTROL NUMBER IDENTIFIER
control field GE_BSU
008 - FIXED-LENGTH DATA ELEMENTS--GENERAL INFORMATION
fixed length control field 181216s||||||||xx |||||||||||||| ||und||
020 ## - INTERNATIONAL STANDARD BOOK NUMBER
International Standard Book Number 9782011558114
040 ## - CATALOGING SOURCE
Transcribing agency GE_BSU
080 ## - UNIVERSAL DECIMAL CLASSIFICATION NUMBER
Universal Decimal Classification number 811.133.1
100 ## - MAIN ENTRY--PERSONAL NAME
Personal name Berthet,Annie. Dail, Emmanuelle,Hugot, Catherine, Waendendries, Monique
245 ## - TITLE STATEMENT
Title Alter Ego. A1. Methode de Francais.1
245 ## - TITLE STATEMENT
Remainder of title Cahier d'activites
260 ## - PUBLICATION, DISTRIBUTION, ETC.
Place of publication, distribution, etc. Paris
260 ## - PUBLICATION, DISTRIBUTION, ETC.
Name of publisher, distributor, etc. Hachette
260 ## - PUBLICATION, DISTRIBUTION, ETC.
Date of publication, distribution, etc. 2012
300 ## - PHYSICAL DESCRIPTION
Extent 127p.ill.30cm.
300 ## - PHYSICAL DESCRIPTION
Accompanying material +1CD
653 ## - INDEX TERM--UNCONTROLLED
Uncontrolled term Alter Ego. A1.Methode de Francais.1
653 ## - INDEX TERM--UNCONTROLLED
Uncontrolled term Cahier d'activites
653 ## - INDEX TERM--UNCONTROLLED
Uncontrolled term ფრანგული ენა
942 ## - ADDED ENTRY ELEMENTS (KOHA)
Koha item type წიგნი
ეგზემპლარები
Withdrawn status Lost status Damaged status Not for loan Date acquired Barcode Date last seen Price effective from Koha item type
        2018-12-17 46524 2018-12-17 2018-12-17 წიგნი